• 首页
  • 本馆介绍
  • 公告通知
  • 最新文献
  • 馆藏检索
  • 电子资源
  • 读者荐购
  • 参考咨询
  • CALIS
  • 我的图书馆
  • 登录
  • 详细信息显示
  • 放入我的书架
  • 预约/预借图书
  • 作者相关作品
  • 分类相关作品
  • 丛书相关作品
  • 出版社相关作品

书目信息

  • 表格格式
  • 工作单格式
  • 卡片格式
题名:
公路安全保障工程实施细则
    
 
作者: 王松根 主编
分册:  
出版信息: 北京   人民交通出版社  2006.01
页数: 141页
开本: 29cm
丛书名:
单 册:
中图分类: U415.12
科图分类:
主题词: 道路工程--dao lu gong cheng--工程施工--安全管理--细则--中国
电子资源:
ISBN: 7-114-05851-9
 
 
 
 
 
000 00851nam0 2200229 450
001 012006252090
005 20060628105032.76
010    @a7-114-05851-9@dCNY30.00
100    @a20060521d2006 km y0chiy0120 ea
101 0  @achi
102    @aCN@b110000
105    @aa a 000yy
200 1  @a公路安全保障工程实施细则@Agong lu an quan bao zhang gong cheng shi shi xi ze@f王松根主编@Fwang song gen zhu bian
210    @a北京@c人民交通出版社@d2006.01
215    @a141页@c图@d29cm
320    @a有书目 (第141页)。
330    @a本书主要针对公路存在的安全问题,分日常养护、大中修工程、桥梁养护、公路安全保障、高速公路安全运营以及特殊条件下的养护管理。
606 0  @a道路工程@Adao lu gong cheng@x工程施工@x安全管理@x细则@y中国
690    @aU415.12@v4
701  0 @a王松根@Awang song gen@4主编
801  0 @aCN@bQSSK@c20060628
905    @a10447@dU415.12@eW351
    
    公路安全保障工程实施细则/王松根主编.-北京:人民交通出版社,2006.01
    141页:图;29cm
    
    
    ISBN 7-114-05851-9:CNY30.00
    本书主要针对公路存在的安全问题,分日常养护、大中修工程、桥梁养护、公路安全保障、高速公路安全运营以及特殊条件下的养护管理。
●
相关链接 在E读中查询图书 在当当中查询图书 在豆瓣中查询图书


正题名:公路安全保障工程实施细则     索取号:U415.12/W351         预约/预借

序号 登录号 条形码 馆藏地/架位号 状态 备注
1 581092   205810924   自科库501/501自科库 52排1列2层/ [索取号:U415.12/W351] 在馆    
2 581093   205810933   自科库501/501自科库 52排1列2层/ [索取号:U415.12/W351] 在馆    
3 581094   205810942   自科库501/501自科库 52排1列2层/ [索取号:U415.12/W351] 在馆    
河南城建学院图书馆 欢迎您!
大连网信软件有限公司© 版权所有